[Event "Blankenese op 3rd"]
[Site "Hamburg"]
[Date "2019.10.06"]
[Round "7"]
[White "Roselius, Philipp"]
[Black "Fuhrmann, Jeppe"]
[Result "1-0"]
[WhiteElo "1637"]
[BlackElo "1229"]
[PlyCount "103"]
[EventDate "2019.10.03"]
[EventType "swiss"]
[EventRounds "7"]
[EventCountry "GER"]
[SourceTitle "EXT 2023"]
[Source "ChessBase"]
[SourceDate "2022.10.05"]
[SourceVersion "1"]
[SourceVersionDate "2022.10.05"]
[SourceQuality "1"]

1. d4 Nf6 2. Nc3 d5 3. Bg5 Nbd7 4. f3 e6 5. e4 h6 6. Bh4 Be7 7. Qd3 a6 8. e5 Ng8 9. Bxe7 Nxe7 10. Be2 c5 11. f4 Nf5 12. dxc5 Nxc5 13. Qh3 b5 14. g4 Qh4+ 15. Qxh4 Nxh4 16. 0-0-0 b4 17. Nb1 Bb7 18. Nf3 Ng2 19. Rd4 Rc8 20. Rxb4 0-0 21. Rg1 Ne3 22. h3 Rc7 23. Kd2 Nc4+ 24. Bxc4 dxc4 25. Nd4 Rd8 26. c3 Nd3 27. Rb6 Nxf4 28. h4 Ng6 29. g5 h5 30. Rd6 Rcd7 31. Rxd7 Rxd7 32. Ke3 Nxe5 33. Na3 Rxd4 34. cxd4 Ng6 35. Nxc4 Nxh4 36. Nd6 Bd5 37. a3 Kh7 38. Nxf7 Kg6 39. Ne5+ Kf5 40. b4 Ng6 41. Nxg6 Kxg6 42. Kf4 h4 43. Kg4 h3 44. Kxh3 Bc4 45. Kg4 Bd5 46. Kf4 Bc4 47. Rc1 Bd5 48. Rc5 Kh5 49. a4 Kg6 50. b5 axb5 51. axb5 Kf7 52. Rxd5 1-0

[Event "Blankenese op 3rd"]
[Site "Hamburg"]
[Date "2019.10.04"]
[Round "3"]
[White "Kraft, Stefan"]
[Black "Roselius, Philipp"]
[Result "1-0"]
[WhiteElo "1863"]
[BlackElo "1637"]
[PlyCount "107"]
[EventDate "2019.10.03"]
[EventType "swiss"]
[EventRounds "7"]
[EventCountry "GER"]
[SourceTitle "EXT 2023"]
[Source "ChessBase"]
[SourceDate "2022.10.05"]
[SourceVersion "1"]
[SourceVersionDate "2022.10.05"]
[SourceQuality "1"]

1. d4 d6 2. e4 e5 3. dxe5 dxe5 4. Qxd8+ Kxd8 5. Nc3 c6 6. Be3 Kc7 7. 0-0-0 Be6 8. f4 f6 9. fxe5 fxe5 10. Nf3 Nd7 11. Ng5 Re8 12. Nxe6+ Rxe6 13. Bc4 Re8 14. a3 a5 15. Rhf1 Ngf6 16. h3 Nc5 17. Bd3 h6 18. Rf5 Nxd3+ 19. cxd3 Nd7 20. Kc2 Re6 21. Ne2 Rf6 22. Rdf1 Be7 23. Bd2 b6 24. Bc3 Rxf5 25. Rxf5 Bf6 26. Ng3 g6 27. Rf3 Rf8 28. Nf1 Bg7 29. Rxf8 Nxf8 30. Ne3 Ne6 31. Nc4 Nd4+ 32. Bxd4 exd4 33. a4 c5 34. Na3 Kc6 35. Kb3 Be5 36. Kc4 Bf4 37. Nb5 Bg3 38. Kb3 h5 39. Kc2 g5 40. Kd1 g4 41. Ke2 Bh4 42. hxg4 hxg4 43. b3 Bg3 44. Na3 Bh4 45. Nc4 Bg3 46. Nb2 Kd6 47. Nd1 Ke5 48. Nf2 Bxf2 49. Kxf2 Kf4 50. Ke2 Ke5 51. Ke1 Kd6 52. Kf2 Ke5 53. Kg3 b5 54. Kxg4 1-0

[Event "Pinneberg-ch"]
[Site "Pinneberg"]
[Date "2017.09.28"]
[Round "4"]
[White "Fieron, Andreas"]
[Black "Roselius, Philipp"]
[Result "0-1"]
[WhiteElo "1439"]
[BlackElo "1682"]
[PlyCount "50"]
[EventDate "2017.09.07"]
[EventType "swiss"]
[EventRounds "7"]
[EventCountry "GER"]
[SourceTitle "EXT 2019"]
[Source "ChessBase"]
[SourceDate "2018.10.10"]
[SourceVersion "1"]
[SourceVersionDate "2018.10.10"]
[SourceQuality "1"]

1. d4 Nf6 2. Bg5 d6 3. Bxf6 exf6 4. c4 Bf5 5. Nc3 Nd7 6. e3 Be7 7. Bd3 Bxd3 8. Qxd3 c6 9. Nge2 Qc7 10. 0-0 g6 11. d5 f5 12. f4 c5 13. e4 fxe4 14. Nxe4 0-0 15. Rae1 f5 16. Ng5 Bxg5 17. fxg5 Qa5 18. Qb3 Rae8 19. Nc3 Ne5 20. Qb5 Qd8 21. Qxb7 Qxg5 22. Kh1 Qh4 23. Rxe5 Rxe5 24. Qb3 Re1 25. Kg1 Qd4+ 0-1

[Event "Pinneberg-ch"]
[Site "Pinneberg"]
[Date "2016.09.29"]
[Round "5"]
[White "Zimmermann, Manfred"]
[Black "Roselius, Philipp"]
[Result "1/2-1/2"]
[WhiteElo "1491"]
[BlackElo "1645"]
[PlyCount "80"]
[EventDate "2016.09.01"]
[EventType "swiss"]
[EventRounds "7"]
[EventCountry "GER"]
[SourceTitle "EXT 2018"]
[Source "ChessBase"]
[SourceDate "2017.10.13"]
[SourceVersion "1"]
[SourceVersionDate "2017.10.13"]
[SourceQuality "1"]

1. e4 d5 2. exd5 Qxd5 3. Nc3 Qa5 4. d4 Nf6 5. Bd3 Bg4 6. Be2 Bxe2 7. Qxe2 c6 8. Nf3 e6 9. 0-0 Qc7 10. Ne4 Nbd7 11. Nxf6+ Nxf6 12. g3 Bd6 13. Ne5 Nd7 14. Nc4 0-0 15. Nxd6 Qxd6 16. Bf4 Qe7 17. Rfe1 Rfe8 18. Rad1 Nf8 19. c3 Ng6 20. Qg4 h6 21. h4 Nxf4 22. Qxf4 Qd8 23. Re2 Qd5 24. b3 b5 25. Re5 Qd6 26. Rde1 a5 27. Rc5 Qxf4 28. gxf4 Rec8 29. Kg2 Kf8 30. Kf3 Ke7 31. Kg4 Kf6 32. f5 h5+ 33. Kf4 Ra6 34. fxe6 fxe6 35. Rxh5 b4 36. cxb4 axb4 37. Re2 Rca8 38. Rhe5 Rxa2 39. Rxe6+ Kf7 40. Re7+ Kf8 1/2-1/2

[Event "Pinneberg-ch"]
[Site "Pinneberg"]
[Date "2015.10.01"]
[Round "6"]
[White "Roselius, Philipp"]
[Black "Gollasch, Theo Heinz"]
[Result "0-1"]
[WhiteElo "1646"]
[BlackElo "2051"]
[PlyCount "108"]
[EventDate "2015.08.28"]
[EventType "swiss"]
[EventRounds "7"]
[EventCountry "GER"]
[SourceTitle "EXT 2017"]
[Source "ChessBase"]
[SourceDate "2016.10.25"]
[SourceVersion "1"]
[SourceVersionDate "2016.10.25"]
[SourceQuality "1"]

1. d4 d5 2. c4 e6 3. Nf3 Nf6 4. Bg5 Be7 5. e3 h6 6. Bh4 c6 7. Nc3 0-0 8. Qc2 Nbd7 9. h3 Re8 10. b3 b6 11. cxd5 exd5 12. Bd3 Bb7 13. Bg3 Bb4 14. 0-0 Bxc3 15. Qxc3 Ne4 16. Bxe4 dxe4 17. Ne5 Nxe5 18. dxe5 Qd3 19. Qb2 Rad8 20. Rfd1 Qxd1+ 21. Rxd1 Rxd1+ 22. Kh2 c5 23. e6 Rxe6 24. Be5 f6 25. Qc2 Rd5 26. Bb8 a6 27. b4 Kf7 28. bxc5 Rxc5 29. Qe2 Ra5 30. Qc4 Rc5 31. Qe2 b5 32. Ba7 Rd5 33. Qc2 Bc6 34. Bd4 b4 35. Qc4 a5 36. a3 Rb5 37. axb4 axb4 38. Bc5 b3 39. Bb4 Rf5 40. Qxb3 Rxf2 41. Bc5 Rf5 42. Bd4 Bd5 43. Qb8 Rc6 44. Qd8 Rc2 45. h4 Kg6 46. Kh3 Kh7 47. Qd7 Kg6 48. Qe8+ Kh7 49. Qd7 Kg6 50. Qe8+ Kh7 51. Qd7 Rcf2 52. Kg3 Bc4 53. Bc3 Bf1 54. Kg4 h5+ 0-1

[Event "Pinneberg-ch"]
[Site "Pinneberg"]
[Date "2015.09.10"]
[Round "3"]
[White "Wulf von Moers, Jens"]
[Black "Roselius, Philipp"]
[Result "1/2-1/2"]
[WhiteElo "2181"]
[BlackElo "1646"]
[PlyCount "42"]
[EventDate "2015.08.28"]
[EventType "swiss"]
[EventRounds "7"]
[EventCountry "GER"]
[SourceTitle "EXT 2017"]
[Source "ChessBase"]
[SourceDate "2016.10.25"]
[SourceVersion "1"]
[SourceVersionDate "2016.10.25"]
[SourceQuality "1"]

1. c4 c5 2. g3 Nc6 3. Bg2 g6 4. Nc3 Bg7 5. Nf3 e6 6. 0-0 Nge7 7. d3 0-0 8. Bd2 d5 9. Qc1 Re8 10. Bg5 b6 11. cxd5 exd5 12. e4 Be6 13. exd5 Bxd5 14. Re1 Qd7 15. Ne4 Bxe4 16. dxe4 Ne5 17. Nxe5 Bxe5 18. Rd1 Qb5 19. Rb1 Qa6 20. Bf1 Qb7 21. Bb5 Nc6 1/2-1/2